| 000 | 00843cam a2200265 4500 | ||
|---|---|---|---|
| 001 | ABS63950 | ||
| 008 | 000000n2001 000 0 eng u | ||
| 035 | _a(Sirsi) u112823 | ||
| 100 | _aCannon, J | ||
| 245 | _aBuilding intelligence | ||
| 260 | _c2001 | ||
| 490 |
_aBuilding _v266(8185) 18 May 2001, 94-101(8) |
||
| 520 | _aConstruction industry market analysis reports on housebuilding trends in Europe, UK orders by region and sector, and planning applications. Includes forecasts and economic indicators. | ||
| 590 | _aABS | ||
| 650 | _aEUROPE | ||
| 650 | _aHOUSE BUILDING | ||
| 650 | _aOUTPUT | ||
| 650 | _aFORECASTS | ||
| 650 | _aINDUSTRIAL SECTOR | ||
| 650 | _aCOMMERCIAL SECTOR | ||
| 650 | _aRESIDENTIAL SECTOR | ||
| 650 | _aPLANNING APPLICATIONS | ||
| 690 | _aBUILT ENVIRONMENT-CONSTRUCTION MARKET | ||
| 942 | _n0 | ||
| 999 |
_c67167 _d67167 |
||